Matemáticas financieras y decisiones de inversión / (Record no. 218390)
[ view plain ]
| 000 -CABECERA | |
|---|---|
| campo de control de longitud fija | 00835 a2200253 4500 |
| 003 - IDENTIFICADOR DEL NÚMERO DE CONTROL | |
| campo de control | OSt |
| 005 - FECHA Y HORA DE LA ÚLTIMA TRANSACCIÓN | |
| campo de control | 20230831123741.0 |
| 007 - CAMPO FIJO DE DESCRIPCIÓN FÍSICA--INFORMACIÓN GENERAL | |
| campo de control de longitud fija | ta |
| 008 - DATOS DE LONGITUD FIJA--INFORMACIÓN GENERAL | |
| campo de control de longitud fija | 230218s2016 mx a||||r|||| 001 0 spa d |
| 020 ## - NÚMERO INTERNACIONAL ESTÁNDAR DEL LIBRO | |
| Número Internacional Estándar del Libro | 9789587780376 |
| 040 ## - FUENTE DE LA CATALOGACIÓN | |
| Centro/agencia transcriptor | CHAP |
| 082 00 - NÚMERO DE LA CLASIFICACIÓN DECIMAL DEWEY | |
| Número de edición | 22 |
| Número de clasificación | 657.7 |
| Número de documento/Ítem | T86 |
| 100 1# - ENTRADA PRINCIPAL--NOMBRE DE PERSONA | |
| 9 (RLIN) | 187854 |
| Nombre de persona | Trujillo Navarrete, Jorge |
| 245 10 - MENCIÓN DE TÍTULO | |
| Título | Matemáticas financieras y decisiones de inversión / |
| Mención de responsabilidad, etc. | por Jorge Trujillo Navarrete y Óscar Martínez Herrera. |
| 264 #1 - PRODUCCIÓN, PUBLICACIÓN, DISTRIBUCIÓN, FABRICACIÓN Y COPYRIGHT | |
| Producción, publicación, distribución, fabricación y copyright | Ciudad de México : |
| Nombre del de productor, editor, distribuidor, fabricante | Alfaomega, |
| Fecha de producción, publicación, distribución, fabricación o copyright | 2016. |
| 300 ## - DESCRIPCIÓN FÍSICA | |
| Extensión | xxxi, 291 páginas: |
| Otras características físicas | tablas, figuras. |
| 490 1# - MENCIÓN DE SERIE | |
| Mención de serie | Administración. |
| 504 ## - NOTA DE BIBLIOGRAFÍA, ETC. | |
| Nota de bibliografía, etc. | Incluye bibliografía |
| 650 #4 - PUNTO DE ACCESO ADICIONAL DE MATERIA--TÉRMINO DE MATERIA | |
| 9 (RLIN) | 40941 |
| Término de materia o nombre geográfico como elemento de entrada | Finanzas |
| Subdivisión general | Matemáticas |
| 650 #4 - PUNTO DE ACCESO ADICIONAL DE MATERIA--TÉRMINO DE MATERIA | |
| 9 (RLIN) | 60178 |
| Término de materia o nombre geográfico como elemento de entrada | Inversiones |
| 700 1# - PUNTO DE ACCESO ADICIONAL--NOMBRE DE PERSONA | |
| 9 (RLIN) | 187855 |
| Nombre de persona | Martínez Herrera, Oscar |
| 830 ## - PUNTO DE ACCESO ADICIONAL DE SERIE-TÍTULO UNIFORME | |
| 9 (RLIN) | 187768 |
| Título uniforme | Administración. |
| Nombre de parte o sección de la obra | Contabilidad y finanzas. |
| 942 ## - ELEMENTOS DE PUNTO DE ACCESO ADICIONAL (KOHA) | |
| Tipo de ítem Koha | |
| Fuente del sistema de clasificación o colocación | Dewey Decimal Classification |
| Estado de retiro | Estado de pérdida | Fuente del sistema de clasificación o colocación | Estado dañado | Restricciones de uso | No para préstamo | Código de colección | Localización permanente | Ubicación/localización actual | Ubicación en estantería | Fecha de adquisición | Total de préstamos | Signatura topográfica completa | Código de barras | Fecha visto por última vez | Precio válido a partir de | Tipo de ítem Koha | Número de copia |
|---|---|---|---|---|---|---|---|---|---|---|---|---|---|---|---|---|---|
| Dewey Decimal Classification | Préstamo 15 días | General | Biblioteca Central | Biblioteca Central | Planta principal - Colección General | 31/08/2023 | 657.7 T86 | 33724002579702 | 31/08/2023 | 31/08/2023 | Libro | ||||||
| Dewey Decimal Classification | Préstamo 15 días | General | Biblioteca Central | Biblioteca Central | Planta principal - Colección General | 31/08/2023 | 657.7 T86 | 33724002579678 | 31/08/2023 | 31/08/2023 | Libro | c.2 |
